Estudio de prefactibilidad para la instalación de un restaurante de comida rápida en la ciudad de Juigalpa Chontales en un periodo 2023-2027

En el presente trabajo realizado para definir la instalación de un restaurante de comida rápida para la ciudad de Juigalpa, se encontró que este municipio posee un gran potencial turístico, que no está siendo aprovechado al máximo, y que, además, posee demanda representativa de turistas poten...

Full description

Bibliographic Details
Main Authors: Blandón Mairena, Larri Enrique, González Mendieta, Bruno Mauricio,
Other Authors: Tutor: Silvestri Jirón, Pietro Marcelo
Format: Tesis Section = Libro
Language:Undetermined
Spanish
Published: Managua UNI 2023
Subjects:
LEADER 01458nam a2200289Ia 4500
008 240830s9999 xx 000 0 und d
040 |a BIBLIOTECA-RUPAP/ Mon 658.11 B642 
041 |a spa 
082 |a Mon 658.11 B642 
100 1 |a Blandón Mairena, Larri Enrique 
100 1 |b  González Mendieta, Bruno Mauricio, 
245 1 0 |a Estudio de prefactibilidad para la instalación de un restaurante de comida rápida en la ciudad de Juigalpa Chontales en un periodo 2023-2027 
260 |a Managua  |b UNI  |c 2023 
300 |a 137 p. :il. 
500 |a Contiene: anexos y CD. 
502 |a Tesis (Ingeniero Industrial) - UNI, 2023. 
520 3 |a En el presente trabajo realizado para definir la instalación de un restaurante de comida rápida para la ciudad de Juigalpa, se encontró que este municipio posee un gran potencial turístico, que no está siendo aprovechado al máximo, y que, además, posee demanda representativa de turistas potenciales, tanto nacionales como extranjeros, quienes exigen una amplia variedad de alimentos y que puedan tener la opción de solicitar el pedido a domicilio y llegar al local. 
650 7 |a  NUEVOS NEGOCIOS-PROYECTOS 
650 7 |b  ESTUDIOS DE FACTIBILIDAD 
650 7 |c  ESTUDIO DE MERCADO 
650 7 |d  ESTUDIO FINANCIERO 
650 7 |e  RESTAURANTES-NICARAGUA 
650 7 |f  COMIDA RAPIDA 
700 1 |a Tutor:  |b Silvestri Jirón, Pietro Marcelo 
942 |c BK  |2 ddc 
991 |a Tesis 
999 |c 27583